00905nam a22002417a 450000500170000001000130001702000210003003500130005103700160006404000120008008200130009210000280010524501220013326000460025527000640030130000200036550000190038565000430040465000550044794200220050299900190052495201200054320170124110015.0 aA-792683 a810223695c00.00 aA-792683 bCen Lib/Ret aDPLbEN a337bCHI aChishti, Sumitra918629 aRestructuring of international economic relations :cby Sumitra ChishtibUruguay Round and the developing countries / aNew DelhibConcept Publishing Housec1991 aA/15-16, Commercial Block, Mohan Garden bNew Delhie110059 a212p.c22cm(Hb) aIncludes index aInternational economic relations96516 aDeveloping countries -- Economic conditions918630 2ddccENh337mCHI c126843d126843 00104070aLbLd2015-06-26eCen Lib/Retg0.00l0o337 CHIpA-792683r2015-06-26 00:00:00t1v0.00w2015-06-26yEN